[Event "Tianjin Prestigious Univ-ch"]
[Site "Tianjin"]
[Date "2019.11.27"]
[Round "5"]
[White "Green, Michael L"]
[Black "Wang, Yue"]
[Result "0-1"]
[WhiteElo "2073"]
[BlackElo "2674"]
[PlyCount "66"]
[EventDate "2019.11.26"]
[EventType "team-tourn"]
[EventRounds "11"]
[EventCountry "CHN"]
[SourceTitle "CBM 193 Extra"]
[Source "ChessBase"]
[SourceDate "2020.01.31"]
[SourceVersion "1"]
[SourceVersionDate "2020.01.31"]
[SourceQuality "1"]

1. c3 Nf6 2. Na3 e5 3. Nc2 d5 4. f3 Bd6 5. g3 0-0 6. Nh3 c5 7. Nf2 Nc6 8. d3 d4 9. e4 b5 10. cxd4 cxd4 11. Bg2 a5 12. 0-0 a4 13. f4 b4 14. fxe5 Bxe5 15. Bg5 h6 16. Bxf6 Qxf6 17. Ng4 Qd6 18. Nxe5 Nxe5 19. Qd2 Rb8 20. a3 bxa3 21. Nxa3 Ba6 22. Rf5 Nxd3 23. Rd5 Qb6 24. Bf1 Nb4 25. Qxd4 Nxd5 26. Qxb6 Rxb6 27. Bxa6 Rxa6 28. exd5 Rd8 29. Nb5 Rb6 30. Nc3 Rxb2 31. Rxa4 Rc8 32. Nd1 Rb1 33. Rd4 Rcc1 0-1